رواد الإقتصاد العرب / (رقم التسجيلة. 5002)

تفاصيل مارك
000 -الفاتح
عناصر البيانات ثابتة الطول 00546cam a2200169 i 4500
005 - تاريخ ووقت آخر معاملة
حقل ضبط 20251217113656.0
008 - عناصر البيانات ثابتة الطول
عناصر البيانات ثابتة الطول 250721s1998 ua gr 000 0 ara d
082 14 - رقم تصنيف ديوي العشري
رقم التصنيف 216.92
رقم المادة ع ا ش
100 1# - مدخل رئيسي – اسم شخصي
الاسم الشخصي عاشور، السيد محمد
علاقة الشخص بالعمل/ دوره مؤلف.
245 10 - بيان العنوان
العنوان رواد الإقتصاد العرب /
بيان المسؤولية السيد محمد عاشور
264 31 - بيانات النشر، التوزيع…إلخ
مكان النشر، التوزيع...إلخ الرياض :
اسم الناشر، الموزع...إلخ دار الامل،
تاريخ النشر، التوزيع...إلخ 1998.
300 ## - الوصف المادي
عدد الوحدات المكونة للوعاء 192صفحه.
650 17 - مدخل إضافي بالموضوع - مصطلح موضوعي
مصطلح موضوعي أو اسم جغرافي كعنصر مدخل التراجم.
650 17 - مدخل إضافي بالموضوع - مصطلح موضوعي
مصطلح موضوعي أو اسم جغرافي كعنصر مدخل الإقتصاد الإسلامي.
942 ## - بيانات إضافية (كوها)
نوع التنصيف Dewey Decimal Classification
نوع المادة (كوها) كتب
المقتنيات
حالة السحب حالة الفقدان مصدر التصنيف حالة التلف غير قابل للإعارة المكتبة الرئيسية المكتبة الحالية موقع الرف تاريخ التزويد الرقم المتسلسل Total Checkouts رقم الإستدعاء الباركود تاريخ آخر ظهور تاريخ الفاتورة نوع المادة (كوها)
    Dewey Decimal Classification     المكتبة المركزية المكتبة المركزية الإعارة 06/07/2004 383298   216.92 / ع ا ش 383298 28/07/2025 06/07/2004 كتب
Implemented & Customized by: BBB with SCIT (Smart Chains for Information Technology)

Powered by Koha